Power and Influence - Based Political Participation in European Democracies
Analýza otázok týkajúca sa politickej účasti z pohľadu sociologickej teórie. Kľúčový argument je založený na teoretickom rámci rozlišovania medzi mocou a vplyvom. Klasifikácia foriem politickej participácie.
Guardado en:
| Autor principal: | |
|---|---|
| Otros Autores: | |
| Formato: | Capítulo de libro |
| Lenguaje: | inglés |
| Materias: | |
| Etiquetas: |
Sin Etiquetas, Sea el primero en etiquetar este registro!
|
MARC
| LEADER | 00000naa a2200000 4500 | ||
|---|---|---|---|
| 001 | 0203780 | ||
| 005 | 20231208094055.9 | ||
| 041 | 0 | |a eng | |
| 044 | |a SK | ||
| 245 | 1 | 0 | |a Power and Influence - Based Political Participation in European Democracies |c Matej Makarovič, Mateja Rek |
| 520 | |a Analýza otázok týkajúca sa politickej účasti z pohľadu sociologickej teórie. Kľúčový argument je založený na teoretickom rámci rozlišovania medzi mocou a vplyvom. Klasifikácia foriem politickej participácie. | ||
| 610 | 2 | 0 | |a Európa |
| 610 | 2 | 0 | |a demokracia |
| 610 | 2 | 0 | |a moc politická |
| 610 | 2 | 0 | |a formy organizácie politickej |
| 610 | 2 | 0 | |a organizácia politická |
| 610 | 2 | 0 | |a teórie sociologické |
| 100 | 1 | |a Makarovič, Matej | |
| 700 | 1 | |a Rek, Mateja | |